Danh mục một số giấy phép được chuyển thành điều kiện kinh doanh và bãi bỏ một số giấy phép theo luật doanh nghiệp

שמור ב:
מידע ביבליוגרפי
פורמט: ספר
שפה:Undetermined
יצא לאור: H. CTQG
נושאים:
תגים: הוספת תג
אין תגיות, היה/י הראשונ/ה לתייג את הרשומה!
Thư viện lưu trữ: Trung tâm Học liệu Trường Đại học Cần Thơ
LEADER 00564nam a2200157Ia 4500
001 CTU_53881
008 210402s9999 xx 000 0 und d
020 |b 15500 
082 |a 346.597065 
082 |b D107 
245 0 |a Danh mục một số giấy phép được chuyển thành điều kiện kinh doanh và bãi bỏ một số giấy phép theo luật doanh nghiệp 
260 |a H. 
260 |b CTQG 
650 |a business enterprises 
650 |x law and legislation 
980 |a Trung tâm Học liệu Trường Đại học Cần Thơ